00461nam a2200193 a 4500001001300000003000900013005001700022008004100039020001000080082001300090100001600103245002000119260003200139300000900171500003500180505001000215650002600225700001600251nice12345678IN_TiNIC20260116011724.0050524s1945 lona grp 000 0 eng  ac10000a231bTAY aTaylor, A E aDoes God Exist? aLondonbFontana Booksc1945 a190p aincludes index and biblioraphy2 aIndex aGod-Biblical Teaching1 aTaylor, A E